Guess the Noah Kahan Song Without Hints - Statistics

General Stats
  • This quiz has been taken 266 times
  • The average score is 255 of 482
Answer Stats
Answer % Correct
I
98%
a
94%
you
94%
You
94%
the
88%
The
88%
your
85%
me
82%
an
79%
no
76%
it
73%
and
72%
And
72%
to
72%
To
72%
go
71%
in
70%
When
70%
is
69%
Is
69%
be
68%
my
67%
so
66%
on
65%
of
64%
who
64%
that
61%
That
61%
I'm
59%
all
58%
Then
57%
then
57%
know
55%
they
55%
this
55%
don't
54%
what
54%
Call
53%
It's
53%
it's
53%
as
52%
was
52%
I've
50%
mom
48%
not
48%
hate
45%
like
45%
Are
43%
Have
43%
have
43%
Were
43%
we're
43%
see
42%
can't
41%
one
41%
way
41%
But
40%
say
40%
let
38%
mine
38%
become
36%
feel
36%
From
36%
now
36%
some
36%
home
35%
out
35%
their
35%
said
34%
There's
34%
back
33%
got
33%
'cause
31%
'Cause
31%
look
31%
last
30%
bad
29%
good
29%
keep
29%
you'll
29%
Godlight
28%
watch
28%
here
27%
life
27%
secret
27%
close
26%
fallin'
26%
Honey
26%
lights
26%
live
26%
night
26%
thing
26%
you'd
26%
angry
25%
bet
25%
down
25%
forgot
25%
road
25%
without
25%
big
24%
crowd
24%
did
24%
rung
24%
eyes
23%
ladder's
23%
red
23%
They'll
23%
they'll
23%
those
23%
'til
23%
toes
23%
told
23%
young
23%
grace
22%
name
22%
steppin'
22%
curtains
21%
feed
21%
gave
21%
hand
21%
hard
21%
recognize
21%
summertime
21%
wolves
21%
aside
20%
heels
20%
black
19%
Black
19%
breathe
19%
cookin'
19%
Dad's
19%
polite
19%
wanted
19%
Dirt
18%
fuckin'
18%
high
18%
kid
18%
pulled
18%
scream
18%
soul
18%
alien
17%
Before
17%
cannot
17%
younger
17%
came
16%
doubt
16%
hands
16%
hole
16%
leave
16%
comes
15%
fill
15%
Friday
15%
medicine
15%
thought
15%
break
14%
ground
14%
stuck
14%
skin
13%
smoking
13%
breathed
10%
tethered
10%
within
9%
freed
7%
reclaimed
5%
og
2%
cruse
1%
No matching quizzes found
Score Distribution
Percent of People with Each Score
Percentile by Number Answered
Your Score History
You have not taken this quiz